[Event "Benidorm Satellite preliminary"]
[Site "playchess.com #007036"]
[Date "2009.10.24"]
[Round "11"]
[White "FlorianKull"]
[Black "TheMaster15"]
[Result "1-0"]
[WhiteElo "2072"]
[BlackElo "2304"]
[PlyCount "29"]
[EventDate "2009.10.24"]
[EventType "swiss (blitz)"]

1. c4 {[%emt 0:00:05]} e5 {[%emt 0:00:02]} 2. Nc3 {[%emt 0:00:06]} Nc6 {[%emt
0:00:01]} 3. Nf3 {[%emt 0:00:02]} g6 {[%emt 0:00:01]} 4. d4 {[%emt 0:00:02]}
exd4 {[%emt 0:00:08]} 5. Nd5 {[%emt 0:00:01]} Bg7 {[%emt 0:00:08]} 6. Bg5 {
[%emt 0:00:02]} f6 {[%emt 0:00:01]} 7. Bh4 {[%emt 0:00:02]} g5 {[%emt 0:00:14]}
8. Bg3 {[%emt 0:00:01]} Nge7 {[%emt 0:00:01]} 9. Bxc7 {[%emt 0:00:11]} Nxd5 {
[%emt 0:00:12]} 10. Bxd8 {[%emt 0:00:01]} Ndb4 {[%emt 0:00:02]} 11. Bc7 {[%emt
0:00:03]} d6 {[%emt 0:00:08]} 12. Bxd6 {[%emt 0:00:03]} Bf5 {[%emt 0:00:01]}
13. Bxb4 {[%emt 0:00:03]} Nxb4 {[%emt 0:00:01]} 14. Qa4+ {[%emt 0:00:02]} Nc6 {
[%emt 0:00:02]} 15. Nxd4 {[%emt 0:00:01] TheMaster15 gibt auf} 1-0

[Event "Benidorm Satellite preliminary"]
[Site "playchess.com #007036"]
[Date "2009.10.24"]
[Round "11"]
[White "Baby Animals"]
[Black "Juckel"]
[Result "1-0"]
[WhiteElo "1728"]
[BlackElo "1528"]
[PlyCount "43"]
[EventDate "2009.10.24"]
[EventType "swiss (blitz)"]

1. d4 {[%emt 0:00:01]} d5 {[%emt 0:00:02]} 2. Nf3 {[%emt 0:00:01]} Nf6 {[%emt
0:00:01]} 3. c4 {[%emt 0:00:01]} c6 {[%emt 0:00:00]} 4. Nc3 {[%emt 0:00:01]}
Bf5 {[%emt 0:00:01]} 5. e3 {[%emt 0:00:02]} e6 {[%emt 0:00:02]} 6. c5 {[%emt 0:
00:01]} Nbd7 {[%emt 0:00:05]} 7. b4 {[%emt 0:00:01]} Be7 {[%emt 0:00:02]} 8.
Bb2 {[%emt 0:00:01]} O-O {[%emt 0:00:02]} 9. Bd3 {[%emt 0:00:01]} Ne4 {[%emt 0:
00:03]} 10. Ne5 {[%emt 0:00:06]} f6 {[%emt 0:00:04]} 11. Nxd7 {[%emt 0:00:01]}
Qxd7 {[%emt 0:00:02]} 12. O-O {[%emt 0:00:01]} Rad8 {[%emt 0:00:18]} 13. f3 {
[%emt 0:00:01]} Ng5 {[%emt 0:00:14]} 14. h4 {[%emt 0:00:03]} Nf7 {[%emt 0:00:
03]} 15. e4 {[%emt 0:00:01]} dxe4 {[%emt 0:00:02]} 16. fxe4 {[%emt 0:00:01]}
Qxd4+ {[%emt 0:00:05]} 17. Kh1 {[%emt 0:00:06]} Bxe4 {[%emt 0:00:03]} 18. Bxe4
{[%emt 0:00:02]} Qxd1 {[%emt 0:00:20]} 19. Raxd1 {[%emt 0:00:02]} Ne5 {[%emt 0:
00:25]} 20. Rxd8 {[%emt 0:00:04]} Rxd8 {[%emt 0:00:01]} 21. Rd1 {[%emt 0:00:12]
} Nd3 {[%emt 0:00:08]} 22. Rxd3 {[%emt 0:00:03] Juckel gibt auf} 1-0

[Event "Benidorm Satellite preliminary"]
[Site "playchess.com #007036"]
[Date "2009.10.24"]
[Round "11"]
[White "Phlegias"]
[Black "Daisuke"]
[Result "0-1"]
[WhiteElo "1945"]
[BlackElo "1837"]
[PlyCount "46"]
[EventDate "2009.10.24"]
[EventType "swiss (blitz)"]

1. e4 {[%emt 0:00:00]} d6 {[%emt 0:00:01]} 2. Nc3 {[%emt 0:00:02]} Nf6 {[%emt
0:00:01]} 3. f4 {[%emt 0:00:04]} g6 {[%emt 0:00:02]} 4. d4 {[%emt 0:00:01]} Bg7
{[%emt 0:00:01]} 5. Nf3 {[%emt 0:00:01]} c5 {[%emt 0:00:01]} 6. e5 {[%emt 0:00:
02]} dxe5 {[%emt 0:00:01]} 7. dxe5 {[%emt 0:00:01]} Qxd1+ {[%emt 0:00:02]} 8.
Nxd1 {[%emt 0:00:00]} Ng4 {[%emt 0:00:01]} 9. Bd3 {[%emt 0:00:08]} Nc6 {[%emt
0:00:04]} 10. Ne3 {[%emt 0:00:07]} Nh6 {[%emt 0:00:05]} 11. O-O {[%emt 0:00:02]
} Bg4 {[%emt 0:00:02]} 12. c3 {[%emt 0:00:13]} Bxf3 {[%emt 0:00:01]} 13. Rxf3 {
[%emt 0:00:01]} O-O {[%emt 0:00:00]} 14. g4 {[%emt 0:00:07]} Rad8 {[%emt 0:00:
01]} 15. Bc2 {[%emt 0:00:03]} f6 {[%emt 0:00:01]} 16. g5 {[%emt 0:00:08]} fxg5
{[%emt 0:00:03]} 17. Nd5 {[%emt 0:00:37]} Rxd5 {[%emt 0:00:07]} 18. Bb3 {[%emt
0:00:01]} e6 {[%emt 0:00:01]} 19. Bxd5 {[%emt 0:00:07]} exd5 {[%emt 0:00:01]}
20. Rd3 {[%emt 0:00:03]} gxf4 {[%emt 0:00:04]} 21. Rxd5 {[%emt 0:00:02]} Bxe5 {
[%emt 0:00:01]} 22. Rxc5 {[%emt 0:00:02]} Bc7 {[%emt 0:00:02]} 23. b4 {[%emt 0:
00:08]} Bb6 {[%emt 0:00:01] Phlegias gibt auf} 0-1

[Event "Benidorm Satellite preliminary"]
[Site "playchess.com #007036"]
[Date "2009.10.24"]
[Round "11"]
[White "JS_Mastropiero"]
[Black "Henrik"]
[Result "1-0"]
[WhiteElo "2052"]
[BlackElo "1874"]
[PlyCount "31"]
[EventDate "2009.10.24"]
[EventType "swiss (blitz)"]

1. c4 {[%emt 0:00:01]} e5 {[%emt 0:00:03]} 2. Nc3 {[%emt 0:00:02]} d6 {[%emt 0:
00:02]} 3. d4 {[%emt 0:00:03]} Be7 {[%emt 0:00:13]} 4. Nf3 {[%emt 0:00:07]}
exd4 {[%emt 0:00:08]} 5. Nxd4 {[%emt 0:00:02]} Nf6 {[%emt 0:00:01]} 6. g3 {
[%emt 0:00:01]} O-O {[%emt 0:00:01]} 7. Bg2 {[%emt 0:00:01]} c6 {[%emt 0:00:01]
} 8. O-O {[%emt 0:00:02]} Nbd7 {[%emt 0:00:03]} 9. b3 {[%emt 0:00:07]} Re8 {
[%emt 0:00:07]} 10. Ba3 {[%emt 0:00:02]} Bf8 {[%emt 0:00:10]} 11. Nf5 {[%emt 0:
00:03]} Nc5 {[%emt 0:00:06]} 12. Ne3 {[%emt 0:00:11]} Nfe4 {[%emt 0:00:17]} 13.
Nxe4 {[%emt 0:00:03]} Nxe4 {[%emt 0:00:01]} 14. Qd4 {[%emt 0:00:02]} c5 {[%emt
0:00:46]} 15. Qd3 {[%emt 0:00:04]} Bf5 {[%emt 0:00:02]} 16. Nxf5 {[%emt 0:00:
02] Henrik gibt auf} 1-0

[Event "Benidorm Satellite preliminary"]
[Site "playchess.com #007036"]
[Date "2009.10.24"]
[Round "11"]
[White "jchess06"]
[Black "Beckhambauer"]
[Result "0-1"]
[WhiteElo "1730"]
[BlackElo "1578"]
[PlyCount "46"]
[EventDate "2009.10.24"]
[EventType "swiss (blitz)"]

1. d4 {[%emt 0:00:01]} Nf6 {[%emt 0:00:02]} 2. c3 {[%emt 0:00:01]} g6 {[%emt 0:
00:02]} 3. Nf3 {[%emt 0:00:00]} d6 {[%emt 0:00:01]} 4. Bg5 {[%emt 0:00:00]} Bg7
{[%emt 0:00:01]} 5. e3 {[%emt 0:00:00]} Nbd7 {[%emt 0:00:03]} 6. Bd3 {[%emt 0:
00:00]} c5 {[%emt 0:00:06]} 7. Nbd2 {[%emt 0:00:01]} cxd4 {[%emt 0:00:01]} 8.
exd4 {[%emt 0:00:11]} O-O {[%emt 0:00:02]} 9. O-O {[%emt 0:00:01]} a6 {[%emt 0:
00:08]} 10. Nc4 {[%emt 0:00:01]} b5 {[%emt 0:00:04]} 11. Na3 {[%emt 0:00:01]}
Bb7 {[%emt 0:00:01]} 12. Qd2 {[%emt 0:00:01]} Re8 {[%emt 0:00:02]} 13. Nh4 {
[%emt 0:00:04]} Qb6 {[%emt 0:00:08]} 14. Bh6 {[%emt 0:00:03]} Bh8 {[%emt 0:00:
02]} 15. f3 {[%emt 0:00:04]} Rad8 {[%emt 0:00:02]} 16. Rfe1 {[%emt 0:00:02]} e5
{[%emt 0:00:12]} 17. Qg5 {[%emt 0:00:01]} exd4 {[%emt 0:00:33]} 18. Bxg6 {
[%emt 0:00:06]} Rxe1+ {[%emt 0:00:04]} 19. Rxe1 {[%emt 0:00:03]} dxc3+ {[%emt
0:00:01]} 20. Kh1 {[%emt 0:00:01]} fxg6 {[%emt 0:00:24]} 21. Qh5 {[%emt 0:00:
02] jchess06 propose la nulle} gxh5 {[%emt 0:00:06]} 22. Nf5 {[%emt 0:00:27]}
cxb2 {[%emt 0:00:09]} 23. g4 {[%emt 0:00:09]} Bxf3# {[%emt 0:00:03]} 0-1

[Event "Benidorm Satellite preliminary"]
[Site "playchess.com #007036"]
[Date "2009.10.24"]
[Round "11"]
[White "Lei"]
[Black "Rpughiii"]
[Result "0-1"]
[WhiteElo "1376"]
[BlackElo "1311"]
[PlyCount "38"]
[EventDate "2009.10.24"]
[EventType "swiss (blitz)"]

1. e4 {[%emt 0:00:02]} e5 {[%emt 0:00:03]} 2. Nf3 {[%emt 0:00:01]} Nc6 {[%emt
0:00:07]} 3. b3 {[%emt 0:00:01]} Nf6 {[%emt 0:00:04]} 4. d3 {[%emt 0:00:04]} d5
{[%emt 0:00:02]} 5. exd5 {[%emt 0:00:05]} Nxd5 {[%emt 0:00:02]} 6. Bb2 {[%emt
0:00:02]} Bg4 {[%emt 0:00:11]} 7. h3 {[%emt 0:00:06]} Bxf3 {[%emt 0:00:19]} 8.
Qxf3 {[%emt 0:00:00]} Bc5 {[%emt 0:00:07]} 9. c4 {[%emt 0:00:14]} Bb4+ {[%emt
0:00:08]} 10. Kd1 {[%emt 0:00:13]} Nf4 {[%emt 0:00:04]} 11. g3 {[%emt 0:00:25]}
Ne6 {[%emt 0:00:10]} 12. Nc3 {[%emt 0:00:12]} O-O {[%emt 0:00:04]} 13. Kc2 {
[%emt 0:00:03]} Ncd4+ {[%emt 0:00:05]} 14. Kd1 {[%emt 0:00:10]} Nxf3 {[%emt 0:
00:01]} 15. Bg2 {[%emt 0:00:02]} Qxd3+ {[%emt 0:00:03]} 16. Kc1 {[%emt 0:00:08]
} Qd2+ {[%emt 0:00:03]} 17. Kb1 {[%emt 0:00:01]} Bxc3 {[%emt 0:00:03]} 18. Bxc3
{[%emt 0:00:03]} Qxc3 {[%emt 0:00:01]} 19. Rc1 {[%emt 0:00:04]} Nd2# {[%emt 0:
00:02]} 0-1

[Event "Benidorm Satellite preliminary"]
[Site "playchess.com #007036"]
[Date "2009.10.24"]
[Round "11"]
[White "thin_white_duke"]
[Black "Plamínek"]
[Result "1-0"]
[WhiteElo "2383"]
[BlackElo "2078"]
[PlyCount "55"]
[EventDate "2009.10.24"]
[EventType "swiss (blitz)"]

1. d4 {[%emt 0:00:03]} Nf6 {[%emt 0:00:02]} 2. c4 {[%emt 0:00:01]} e6 {[%emt 0:
00:06]} 3. g3 {[%emt 0:00:02]} h6 {[%emt 0:00:03]} 4. Bg2 {[%emt 0:00:02]} c5 {
[%emt 0:00:01]} 5. d5 {[%emt 0:00:02]} d6 {[%emt 0:00:02]} 6. Nc3 {[%emt 0:00:
02]} e5 {[%emt 0:00:01]} 7. e4 {[%emt 0:00:01]} Be7 {[%emt 0:00:01]} 8. Nf3 {
[%emt 0:00:01]} O-O {[%emt 0:00:01]} 9. O-O {[%emt 0:00:01]} Na6 {[%emt 0:00:
09]} 10. Ne1 {[%emt 0:00:02]} Nd7 {[%emt 0:00:07]} 11. Nd3 {[%emt 0:00:04]} Bf6
{[%emt 0:00:01]} 12. a3 {[%emt 0:00:02]} Nc7 {[%emt 0:00:11]} 13. b4 {[%emt 0:
00:01]} b6 {[%emt 0:00:01]} 14. Bb2 {[%emt 0:00:06]} g6 {[%emt 0:00:03]} 15.
Qd2 {[%emt 0:00:02]} Bg7 {[%emt 0:00:01]} 16. f4 {[%emt 0:00:14]} exf4 {[%emt
0:00:03]} 17. gxf4 {[%emt 0:00:03]} Qh4 {[%emt 0:00:03]} 18. Rae1 {[%emt 0:00:
04]} Nf6 {[%emt 0:00:03]} 19. e5 {[%emt 0:00:09]} dxe5 {[%emt 0:00:05]} 20.
fxe5 {[%emt 0:00:09]} Ng4 {[%emt 0:00:01]} 21. h3 {[%emt 0:00:03]} cxb4 {[%emt
0:00:24]} 22. axb4 {[%emt 0:00:04]} a5 {[%emt 0:00:11]} 23. hxg4 {[%emt 0:00:
04]} Bxg4 {[%emt 0:00:03]} 24. Ne4 {[%emt 0:00:04]} axb4 {[%emt 0:00:06]} 25.
Nf6+ {[%emt 0:00:04]} Kh8 {[%emt 0:00:05]} 26. e6 {[%emt 0:00:17]} fxe6 {[%emt
0:00:07]} 27. Nxg4 {[%emt 0:00:01]} Qxg4 {[%emt 0:00:07]} 28. Qxh6+ {[%emt 0:
00:03] Plamínek gibt auf} 1-0

[Event "Benidorm Satellite preliminary"]
[Site "playchess.com #007036"]
[Date "2009.10.24"]
[Round "11"]
[White "Master--Sim"]
[Black "CubaChessPraxis"]
[Result "0-1"]
[WhiteElo "1990"]
[BlackElo "2153"]
[PlyCount "66"]
[EventDate "2009.10.24"]
[EventType "swiss (blitz)"]

1. d4 {[%emt 0:00:03]} f5 {[%emt 0:00:02]} 2. Nf3 {[%emt 0:00:01]} Nf6 {[%emt
0:00:02]} 3. c3 {[%emt 0:00:01]} e6 {[%emt 0:00:05]} 4. Bg5 {[%emt 0:00:02]}
Be7 {[%emt 0:00:03]} 5. Nbd2 {[%emt 0:00:02]} b6 {[%emt 0:00:03]} 6. Bxf6 {
[%emt 0:00:02]} Bxf6 {[%emt 0:00:01]} 7. e4 {[%emt 0:00:01]} fxe4 {[%emt 0:00:
02]} 8. Nxe4 {[%emt 0:00:00]} Bb7 {[%emt 0:00:01]} 9. Bd3 {[%emt 0:00:01]} Nc6
{[%emt 0:00:04]} 10. Qc2 {[%emt 0:00:01]} g6 {[%emt 0:00:17]} 11. O-O-O {[%emt
0:00:06]} Qe7 {[%emt 0:00:05]} 12. h4 {[%emt 0:00:18]} O-O-O {[%emt 0:00:03]}
13. Nxf6 {[%emt 0:00:07]} Qxf6 {[%emt 0:00:02]} 14. Kb1 {[%emt 0:00:00]} Rhf8 {
[%emt 0:00:06]} 15. Be4 {[%emt 0:00:05]} Kb8 {[%emt 0:00:06]} 16. d5 {[%emt 0:
00:03]} exd5 {[%emt 0:00:02]} 17. Bxd5 {[%emt 0:00:00]} Rde8 {[%emt 0:00:07]}
18. a3 {[%emt 0:00:03]} Re7 {[%emt 0:00:12]} 19. c4 {[%emt 0:00:08]} Rfe8 {
[%emt 0:00:02]} 20. h5 {[%emt 0:00:07]} Re2 {[%emt 0:00:14]} 21. Rd2 {[%emt 0:
00:01]} Rxd2 {[%emt 0:00:02]} 22. Qxd2 {[%emt 0:00:00]} gxh5 {[%emt 0:00:10]}
23. Rxh5 {[%emt 0:00:06]} Qg6+ {[%emt 0:00:02]} 24. Be4 {[%emt 0:00:05]} Qxh5 {
[%emt 0:00:02]} 25. Qc2 {[%emt 0:00:00]} Nb4 {[%emt 0:00:08]} 26. b3 {[%emt 0:
00:05]} Bxe4 {[%emt 0:00:02]} 27. Kb2 {[%emt 0:00:01]} Bxc2 {[%emt 0:00:02]}
28. axb4 {[%emt 0:00:02]} Be4 {[%emt 0:00:03]} 29. b5 {[%emt 0:00:00]} Bxf3 {
[%emt 0:00:02]} 30. Ka3 {[%emt 0:00:01]} Qc5+ {[%emt 0:00:03]} 31. Ka4 {[%emt
0:00:01]} Re1 {[%emt 0:00:03]} 32. b4 {[%emt 0:00:02]} Qxc4 {[%emt 0:00:02]}
33. g4 {[%emt 0:00:04]} Ra1# {[%emt 0:00:05]} 0-1

[Event "Benidorm Satellite preliminary"]
[Site "playchess.com #007036"]
[Date "2009.10.24"]
[Round "11"]
[White "Ferdi Sert"]
[Black "Panosjoydome"]
[Result "1-0"]
[WhiteElo "1861"]
[BlackElo "1753"]
[PlyCount "49"]
[EventDate "2009.10.24"]
[EventType "swiss (blitz)"]

1. c4 {[%emt 0:00:03]} b6 {[%emt 0:00:03]} 2. Nc3 {[%emt 0:00:01]} Bb7 {[%emt
0:00:01]} 3. d3 {[%emt 0:00:03]} e6 {[%emt 0:00:00]} 4. Bd2 {[%emt 0:00:02]} f5
{[%emt 0:00:03]} 5. e3 {[%emt 0:00:03]} Nf6 {[%emt 0:00:05]} 6. Nf3 {[%emt 0:
00:03]} Nc6 {[%emt 0:00:07]} 7. d4 {[%emt 0:00:05]} Ne7 {[%emt 0:00:09]} 8. g3
{[%emt 0:00:01]} Ng6 {[%emt 0:00:06]} 9. Bg2 {[%emt 0:00:03]} h5 {[%emt 0:00:
08]} 10. h4 {[%emt 0:00:02]} Bd6 {[%emt 0:00:11]} 11. O-O {[%emt 0:00:05]} Ne4
{[%emt 0:00:08]} 12. Nxe4 {[%emt 0:00:04]} Bxe4 {[%emt 0:00:01]} 13. Ng5 {
[%emt 0:00:03]} Bxg2 {[%emt 0:00:07]} 14. Kxg2 {[%emt 0:00:01]} Qf6 {[%emt 0:
00:06]} 15. Bc3 {[%emt 0:00:04]} e5 {[%emt 0:00:07]} 16. dxe5 {[%emt 0:00:06]}
Bxe5 {[%emt 0:00:03]} 17. Qd5 {[%emt 0:00:08]} c6 {[%emt 0:00:22]} 18. Qd3 {
[%emt 0:00:07]} Bxc3 {[%emt 0:00:07]} 19. bxc3 {[%emt 0:00:12]} Nf8 {[%emt 0:
00:02]} 20. Rad1 {[%emt 0:00:05]} O-O-O {[%emt 0:00:03]} 21. c5 {[%emt 0:00:07]
} Ne6 {[%emt 0:00:11]} 22. Qa6+ {[%emt 0:00:06]} Kc7 {[%emt 0:00:05]} 23. Qxa7+
{[%emt 0:00:03]} Kc8 {[%emt 0:00:05]} 24. cxb6 {[%emt 0:00:05]} Nxg5 {[%emt 0:
00:04]} 25. Qa6+ {[%emt 0:00:03] Panosjoydome resigns} 1-0

[Event "Benidorm Satellite preliminary"]
[Site "playchess.com #007036"]
[Date "2009.10.24"]
[Round "11"]
[White "Jolan"]
[Black "Schachkanone2"]
[Result "1-0"]
[WhiteElo "1642"]
[BlackElo "1433"]
[PlyCount "107"]
[EventDate "2009.10.24"]
[EventType "swiss (blitz)"]

1. d4 {[%emt 0:00:01]} Nf6 {[%emt 0:00:03]} 2. c4 {[%emt 0:00:00]} d5 {[%emt 0:
00:02]} 3. cxd5 {[%emt 0:00:01]} Nxd5 {[%emt 0:00:02]} 4. e4 {[%emt 0:00:01]}
Nf6 {[%emt 0:00:01]} 5. Nc3 {[%emt 0:00:01]} e6 {[%emt 0:00:01]} 6. Nf3 {[%emt
0:00:01]} Be7 {[%emt 0:00:01]} 7. Bc4 {[%emt 0:00:01]} O-O {[%emt 0:00:02]} 8.
Rf1 {[%emt 0:00:01]} Nbd7 {[%emt 0:00:02]} 9. Be3 {[%emt 0:00:00]} c5 {[%emt 0:
00:01]} 10. d5 {[%emt 0:00:01]} exd5 {[%emt 0:00:02]} 11. Nxd5 {[%emt 0:00:01]}
Nxd5 {[%emt 0:00:02]} 12. Bxd5 {[%emt 0:00:00]} Nf6 {[%emt 0:00:03]} 13. Qb3 {
[%emt 0:00:08]} Nxd5 {[%emt 0:00:03]} 14. Qxd5 {[%emt 0:00:02]} Qxd5 {[%emt 0:
00:01]} 15. exd5 {[%emt 0:00:00]} Rd8 {[%emt 0:00:05]} 16. Rd1 {[%emt 0:00:02]}
a6 {[%emt 0:00:04]} 17. Ke2 {[%emt 0:00:01]} b5 {[%emt 0:00:03]} 18. Ne5 {
[%emt 0:00:01]} Bb7 {[%emt 0:00:08]} 19. Nc6 {[%emt 0:00:06]} Bxc6 {[%emt 0:00:
01]} 20. dxc6 {[%emt 0:00:01]} Rac8 {[%emt 0:00:04]} 21. Rxd8+ {[%emt 0:00:04]}
Rxd8 {[%emt 0:00:07]} 22. Rc1 {[%emt 0:00:07]} c4 {[%emt 0:00:03]} 23. b3 {
[%emt 0:00:03]} cxb3 {[%emt 0:00:04]} 24. axb3 {[%emt 0:00:01]} Rc8 {[%emt 0:
00:01]} 25. Kd3 {[%emt 0:00:02]} Kf8 {[%emt 0:00:04]} 26. Ke4 {[%emt 0:00:01]}
Ke8 {[%emt 0:00:02]} 27. Kd5 {[%emt 0:00:01]} a5 {[%emt 0:00:04]} 28. Bb6 {
[%emt 0:00:02]} a4 {[%emt 0:00:02]} 29. bxa4 {[%emt 0:00:01]} bxa4 {[%emt 0:00:
02]} 30. Bc5 {[%emt 0:00:04]} Bxc5 {[%emt 0:00:02]} 31. Kxc5 {[%emt 0:00:01]}
a3 {[%emt 0:00:09]} 32. Ra1 {[%emt 0:00:01]} Ra8 {[%emt 0:00:02]} 33. Kb6 {
[%emt 0:00:07]} Kd8 {[%emt 0:00:06]} 34. Kb7 {[%emt 0:00:02]} Rc8 {[%emt 0:00:
02]} 35. Rxa3 {[%emt 0:00:03]} Rc7+ {[%emt 0:00:01]} 36. Kb6 {[%emt 0:00:01]}
Rc8 {[%emt 0:00:04]} 37. Rd3+ {[%emt 0:00:01]} Ke7 {[%emt 0:00:02]} 38. Rd7+ {
[%emt 0:00:02]} Ke8 {[%emt 0:00:04]} 39. Kb7 {[%emt 0:00:04]} Rd8 {[%emt 0:00:
03]} 40. Kc7 {[%emt 0:00:03]} Ra8 {[%emt 0:00:06]} 41. Kd6 {[%emt 0:00:02]} Ra1
{[%emt 0:00:07]} 42. Re7+ {[%emt 0:00:03]} Kd8 {[%emt 0:00:04]} 43. Rxf7 {
[%emt 0:00:02]} Rd1+ {[%emt 0:00:01]} 44. Kc5 {[%emt 0:00:02]} Rc1+ {[%emt 0:
00:07]} 45. Kb6 {[%emt 0:00:04]} Rb1+ {[%emt 0:00:01]} 46. Ka5 {[%emt 0:00:02]}
Ra1+ {[%emt 0:00:01]} 47. Kb4 {[%emt 0:00:04]} Rb1+ {[%emt 0:00:01]} 48. Ka3 {
[%emt 0:00:05]} Rf1 {[%emt 0:00:10]} 49. f4 {[%emt 0:00:04]} Rf2 {[%emt 0:00:
02]} 50. Rxg7 {[%emt 0:00:05]} Rxf4 {[%emt 0:00:02]} 51. Rxh7 {[%emt 0:00:02]}
Rf6 {[%emt 0:00:01]} 52. c7+ {[%emt 0:00:04]} Kc8 {[%emt 0:00:01]} 53. g4 {
[%emt 0:00:01]} Rg6 {[%emt 0:00:02]} 54. h3 {[%emt 0:00:03] Schachkanone2 gibt
auf} 1-0

[Event "Benidorm Satellite preliminary"]
[Site "playchess.com #007036"]
[Date "2009.10.24"]
[Round "11"]
[White "David Lynch"]
[Black "FaIlWoRd"]
[Result "0-1"]
[WhiteElo "2137"]
[BlackElo "2689"]
[PlyCount "28"]
[EventDate "2009.10.24"]
[EventType "swiss (blitz)"]

1. d4 {[%emt 0:00:01]} Nf6 {[%emt 0:00:01]} 2. c4 {[%emt 0:00:00]} g6 {[%emt 0:
00:01]} 3. Nc3 {[%emt 0:00:01]} d5 {[%emt 0:00:01]} 4. Nf3 {[%emt 0:00:01]} Bg7
{[%emt 0:00:01]} 5. Qb3 {[%emt 0:00:01]} dxc4 {[%emt 0:00:01]} 6. Qxc4 {[%emt
0:00:00]} O-O {[%emt 0:00:01]} 7. e4 {[%emt 0:00:00]} Nc6 {[%emt 0:00:01]} 8.
Be2 {[%emt 0:00:21]} Nd7 {[%emt 0:00:11]} 9. Bf4 {[%emt 0:00:17]} Nb6 {[%emt 0:
00:20]} 10. Qd3 {[%emt 0:00:01]} Nxd4 {[%emt 0:00:09]} 11. Nxd4 {[%emt 0:00:09]
} e5 {[%emt 0:00:18]} 12. Ndb5 {[%emt 0:00:11]} exf4 {[%emt 0:00:09]} 13. Qxd8
{[%emt 0:00:02]} Rxd8 {[%emt 0:00:00]} 14. Nxc7 {[%emt 0:00:01]} Rb8 {[%emt 0:
00:02] FaIlWoRd claims flag (automatic).} 0-1

[Event "Benidorm Satellite preliminary"]
[Site "playchess.com #007036"]
[Date "2009.10.24"]
[Round "11"]
[White "Enfanterrible"]
[Black "Hauberk"]
[Result "1-0"]
[WhiteElo "2549"]
[BlackElo "2370"]
[PlyCount "57"]
[EventDate "2009.10.24"]
[EventType "swiss (blitz)"]

1. d4 {[%emt 0:00:02]} d5 {[%emt 0:00:01]} 2. c4 {[%emt 0:00:01]} c6 {[%emt 0:
00:01]} 3. Nc3 {[%emt 0:00:01]} e5 {[%emt 0:00:01]} 4. cxd5 {[%emt 0:00:02]}
cxd5 {[%emt 0:00:01]} 5. Nf3 {[%emt 0:00:06]} e4 {[%emt 0:00:01]} 6. Nd2 {
[%emt 0:00:05]} e3 {[%emt 0:00:08]} 7. fxe3 {[%emt 0:00:02]} f5 {[%emt 0:00:03]
} 8. g3 {[%emt 0:00:02]} Nf6 {[%emt 0:00:02]} 9. Bg2 {[%emt 0:00:00]} Bd6 {
[%emt 0:00:06]} 10. Qb3 {[%emt 0:00:04]} O-O {[%emt 0:00:28]} 11. Nxd5 {[%emt
0:00:01]} Nxd5 {[%emt 0:00:01]} 12. Qxd5+ {[%emt 0:00:02]} Kh8 {[%emt 0:00:02]}
13. Nc4 {[%emt 0:00:11]} Bb4+ {[%emt 0:00:02]} 14. Bd2 {[%emt 0:00:00]} Bxd2+ {
[%emt 0:00:01]} 15. Kxd2 {[%emt 0:00:08]} Qg5 {[%emt 0:00:04]} 16. Ne5 {[%emt
0:00:05]} Qf6 {[%emt 0:00:07]} 17. Rac1 {[%emt 0:00:05]} Na6 {[%emt 0:00:25]}
18. a3 {[%emt 0:00:02]} Rb8 {[%emt 0:00:06]} 19. Rc3 {[%emt 0:00:21]} Be6 {
[%emt 0:00:02]} 20. Qa5 {[%emt 0:00:04]} Rfd8 {[%emt 0:00:11]} 21. Rhc1 {[%emt
0:00:02]} b6 {[%emt 0:00:27]} 22. Qxa6 {[%emt 0:00:13]} Qxe5 {[%emt 0:00:01]}
23. Qxa7 {[%emt 0:00:04]} g5 {[%emt 0:00:14]} 24. Qc7 {[%emt 0:00:09]} Qf6 {
[%emt 0:00:01]} 25. Rc6 {[%emt 0:00:04]} f4 {[%emt 0:00:03]} 26. gxf4 {[%emt 0:
00:02]} gxf4 {[%emt 0:00:03]} 27. Qxf4 {[%emt 0:00:04]} Rxd4+ {[%emt 0:00:04]}
28. Qxd4 {[%emt 0:00:02]} Rd8 {[%emt 0:00:00]} 29. Rd6 {[%emt 0:00:04] Time}
1-0

[Event "Benidorm Satellite preliminary"]
[Site "playchess.com #007036"]
[Date "2009.10.24"]
[Round "11"]
[White "Alexrules01"]
[Black "Vasily Mln"]
[Result "0-1"]
[WhiteElo "1625"]
[BlackElo "2038"]
[PlyCount "66"]
[EventDate "2009.10.24"]
[EventType "swiss (blitz)"]

1. d4 {[%emt 0:00:01]} Nf6 {[%emt 0:00:01]} 2. c4 {[%emt 0:00:00]} c5 {[%emt 0:
00:01]} 3. d5 {[%emt 0:00:02]} b5 {[%emt 0:00:01]} 4. cxb5 {[%emt 0:00:03]} a6
{[%emt 0:00:01]} 5. bxa6 {[%emt 0:00:01]} g6 {[%emt 0:00:01]} 6. Nc3 {[%emt 0:
00:01]} Bxa6 {[%emt 0:00:01]} 7. Nf3 {[%emt 0:00:02]} Bg7 {[%emt 0:00:03]} 8.
e4 {[%emt 0:00:01]} Bxf1 {[%emt 0:00:00]} 9. Kxf1 {[%emt 0:00:01]} d6 {[%emt 0:
00:00]} 10. g3 {[%emt 0:00:01]} O-O {[%emt 0:00:00]} 11. h3 {[%emt 0:00:01]}
Qb6 {[%emt 0:00:01]} 12. Kg2 {[%emt 0:00:01]} Nbd7 {[%emt 0:00:01]} 13. Qc2 {
[%emt 0:00:04]} Rfb8 {[%emt 0:00:01]} 14. Re1 {[%emt 0:00:09]} Ne8 {[%emt 0:00:
01]} 15. e5 {[%emt 0:00:10]} Nxe5 {[%emt 0:00:21]} 16. Nxe5 {[%emt 0:00:01]}
dxe5 {[%emt 0:00:07]} 17. Ne4 {[%emt 0:00:11]} Rc8 {[%emt 0:00:10]} 18. Be3 {
[%emt 0:00:04]} Qb7 {[%emt 0:00:08]} 19. Qd2 {[%emt 0:00:19]} c4 {[%emt 0:00:
12]} 20. Red1 {[%emt 0:00:24]} Nd6 {[%emt 0:00:03]} 21. Nxd6 {[%emt 0:00:26]}
exd6 {[%emt 0:00:00]} 22. Rdc1 {[%emt 0:00:02]} Qb5 {[%emt 0:00:16]} 23. a4 {
[%emt 0:00:26]} Rxa4 {[%emt 0:00:05]} 24. Rxa4 {[%emt 0:00:11]} Qxa4 {[%emt 0:
00:00]} 25. Qc3 {[%emt 0:00:07]} Qb5 {[%emt 0:00:02]} 26. b3 {[%emt 0:00:02]}
Qxd5+ {[%emt 0:00:07]} 27. Kg1 {[%emt 0:00:04]} Qe6 {[%emt 0:00:08]} 28. bxc4 {
[%emt 0:00:02]} Qxh3 {[%emt 0:00:02]} 29. Qd3 {[%emt 0:00:10]} Qe6 {[%emt 0:00:
06]} 30. Kg2 {[%emt 0:00:11]} h5 {[%emt 0:00:01]} 31. c5 {[%emt 0:00:08]} dxc5
{[%emt 0:00:05]} 32. Rxc5 {[%emt 0:00:01]} Rxc5 {[%emt 0:00:02]} 33. Bxc5 {
[%emt 0:00:01]} Qc6+ {[%emt 0:00:07] Alexrules01 resigns} 0-1